Umuda yolculuk (Record no. 3987)

MARC details
000 -BAŞLIK
Sabit Uzunlukta Kontrol Alanı 00638na a2200241 4500
001 - KONTROL NUMARASI
Denetim Alanı 23120
003 - KONTROL NUMARASI IDENTIFIER
Denetim Alanı MIRAKIL
005 - SON İŞLEM TARİHİ VE ZAMANI
Denetim Alanı 20181213154949.0
008 - SABİT-BOY VERİ ELEMANLARI - GENEL BİLGİLER
Sabit Uzunlukta Kontrol Alanı 170713b tu 000 0
020 ## - ULUSLARARASI STANDART KİTAP NUMARASI
Uluslararası Standart Kitap Numarası 9786054048090
040 ## - KATALOGLAMA KAYNAK
Orijinal Kataloglama Ajansı Milas
Kataloglama Dili tur
Metne Dönüştürmek Ajansı TR-AnCHP
041 ## - DİL KODU
Metin / Ses Parça Veya Ayrı Başlığın Dil Kodu tur
082 ## - DEWEY ONLU SINIFLANDIRMA NUMARASI
Sınıflandırma Numarası 813.42
Ürün Numarası P34u 2009
090 ## - SINIFLAMA NUMARASI
Sınıflama Numarası 813.42 P34u 2009
100 ## - ANA GİRİŞ - KİŞİSEL İSİM
Kişisel Ad Pekçetin, İpek
245 ## - BAŞLIK TABLOSU
Başlık Umuda yolculuk
Sorumluluk Tablosu, Vb İpek Pekçetin
260 ## - YAYIN, DAĞITIM, VB
Yayın, Dağıtım, Vb Yeri İstanbul
Yayıncı, Dağıtıcı, Vs Adı kitapdostu yayınları
Yayın, Dağıtım, Vb Tarihi 2009
300 ## - FİZİKSEL TANIM
Kapsam 136 s.
Diğer Fiziksel Ayrıntıları fotğ.
Boyutlar 19 sm.
440 ## - SERİSİ TABLOSU / KATMA GİRİŞİ - BAŞLIK
Başlık kitapdostu yayınları
Hacim / Ardışık Tanımı 7
490 ## - SERİSİ TABLOSU
Seri Beyanı Sağlık
Hacim / Ardışık Tanımı 2
650 ## - KONU KATMA GİRİŞ - TOPİKAL DÖNEM
Topikal Süreli Veya Coğrafi Ad Giriş Elemanı Türk edebiyatı
Genel Alt Bölümü Roman
942 ## - EKLENDİ GİRİŞ ELEMANLARI (KOHA)
Sınıflandırma Veya Raf Düzeni Kaynak Dewey Decimal Classification
Koha Öğesi Türü Books
999 ## - SİSTEM KONTROL NUMARALARI (KOHA)
Koha Biblionumber 3987
Koha Biblioitemnumber 3987
Holdings
Kalıcı Konum Mevcut Konum Edinme Tarihi Edinim Kaynak Toplam Check-Out'Lar Tam Çağrı Numarası Barkod Tarih Son Görülme İtibaren Geçerli Fiyatlar Koha Öğesi Türü
CHP Kütüphanesi CHP Kütüphanesi 07/13/2017 Bağış   813.42 P34u 2009 017094 07/13/2017 07/13/2017 Books